The practice of prayer : (Record no. 2044)
[ view plain ]
| 000 -LEADER | |
|---|---|
| fixed length control field | 00838cam a2200253 a 4500 |
| 001 - CONTROL NUMBER | |
| control field | 1861229 |
| 003 - CONTROL NUMBER IDENTIFIER | |
| control field | OSt |
| 005 - DATE AND TIME OF LATEST TRANSACTION | |
| control field | 20180922164136.0 |
| 008 - FIXED-LENGTH DATA ELEMENTS--GENERAL INFORMATION | |
| fixed length control field | 821027r19831972ilu 000 0 eng |
| 010 ## - LIBRARY OF CONGRESS CONTROL NUMBER | |
| LC control number | 82021309 |
| 020 ## - INTERNATIONAL STANDARD BOOK NUMBER | |
| International Standard Book Number | 0877843937 : |
| Terms of availability | $2.95 |
| 040 ## - CATALOGING SOURCE | |
| Original cataloging agency | DLC |
| Transcribing agency | DLC |
| Modifying agency | DLC |
| 050 10 - LIBRARY OF CONGRESS CALL NUMBER | |
| Classification number | BV210.2 |
| Item number | .H77 1983 |
| 082 00 - DEWEY DECIMAL CLASSIFICATION NUMBER | |
| Classification number | 248.32 |
| Edition number | 19 |
| Item number | H8752P |
| 100 1# - MAIN ENTRY--PERSONAL NAME | |
| Personal name | Hubbard, David Allan. |
| 240 10 - UNIFORM TITLE | |
| Uniform title | Problem with prayer is-- |
| 245 14 - TITLE STATEMENT | |
| Title | The practice of prayer : |
| Remainder of title | a guide for beginners / |
| Statement of responsibility, etc. | David Allan Hubbard. |
| 260 ## - PUBLICATION, DISTRIBUTION, ETC. | |
| Place of publication, distribution, etc. | Downers Grove, III. : |
| Name of publisher, distributor, etc. | InterVarsity Press, |
| Date of publication, distribution, etc. | c1983. |
| 300 ## - PHYSICAL DESCRIPTION | |
| Extent | 95 p. ; |
| Dimensions | 18 cm. |
| 500 ## - GENERAL NOTE | |
| General note | Reprint. Originally published as: The problem with prayer is--. Wheaton, Ill. : Tyndale House, 1972. |
| 650 #0 - SUBJECT ADDED ENTRY--TOPICAL TERM | |
| Topical term or geographic name entry element | Prayer |
| General subdivision | Christianity. |
| 906 ## - LOCAL DATA ELEMENT F, LDF (RLIN) | |
| a | 7 |
| b | cbc |
| c | orignew |
| d | 1 |
| e | ocip |
| f | 19 |
| g | y-gencatlg |
| 942 ## - ADDED ENTRY ELEMENTS (KOHA) | |
| Source of classification or shelving scheme | Dewey Decimal Classification |
| Koha item type | Books |
| Withdrawn status | Lost status | Source of classification or shelving scheme | Damaged status | Not for loan | Collection code | Home library | Current library | Shelving location | Date acquired | Cost, normal purchase price | Total Checkouts | Full call number | Barcode | Date last seen | Price effective from | Koha item type |
|---|---|---|---|---|---|---|---|---|---|---|---|---|---|---|---|---|
| Dewey Decimal Classification | Non-fiction | Harvest Mission College | Harvest Mission College | General Stacks | 22.09.2018 | 210.00 | 248.32 H8752P | 002311 | 22.09.2018 | 22.09.2018 | Books |
